00513nam a22001697a 450000500170000000800410001708200210005810000310007924500360011025000080014626000480015430000140020265000150021694200060023195200930023799900130033020240220073539.0240220b |||||||| |||| 00| 0 eng d 222a320.9.bANC. aMukerji, Prasanna Krishna. aAncient political experiences : a1st aColombo :bM.D.GAUNASENA & Co., Ltd /c1961 avi, 331., apolitical. cL 001040708LaWERCLbWERCLd2024-02-20l0o320.9. ANC.p3196r2024-02-20w2024-02-20yL c445d445